|
|
|
|
| LEADER |
00628nta a2200169 i 4500 |
| 001 |
dipl70568 |
| 005 |
20180807081003.0 |
| 008 |
180807s2017 hu om 0|| zxx d |
| 040 |
|
|
|a SZTE Diploma Repozitórium
|b hun
|
| 041 |
|
|
|a zxx
|
| 100 |
1 |
|
|a Oroyovwe Onoriode Isaac
|
| 245 |
1 |
3 |
|a Az ökölvívás, mint rekreáció
|h [elektronikus dokumentum] /
|c Onoriode Isaac Oroyovwe
|
| 246 |
1 |
0 |
|a Boxing as recreation
|h [elektronikus dokumentum]
|
| 260 |
|
|
|c 2017
|
| 650 |
|
4 |
|a Pedagógusképzés
|
| 700 |
1 |
|
|a Bóka Ferenc
|e ths
|
| 856 |
4 |
0 |
|u http://diploma.bibl.u-szeged.hu/id/eprint/70568/1/2016_Oroyovwe_Onoriode_Isaac_E986K5_SZ.pdf
|z Dokumentum-elérés
|